[Event "It (open)"]
[Site "masterchessopen.com – Oslo (Norway)"]
[Round "0"]
[White "Gruen Peter (GER)"]
[Black "Flis Jacek (POL)"]
[Result "1-0"]
[WhiteElo "2290"]
[BlackElo "2410"]

1.d4 Nf6 2.Nf3 g6 3.c4 Bg7 4.Nc3 O-O 5.e4 d6 6.Be2 c6 7.O-O Nbd7 8.Re1 e5
9.Bf1 a5 10.Rb1 exd4 11.Nxd4 Nc5 12.f3 Nh5 13.g4 Nf6 14.Bf4 Ne8 15.Kh1 Qe7
16.Qd2 Ne6 17.Nf5 gxf5 18.exf5 Qd8 19.fxe6 Bxe6 20.Rbd1 Qb6 21.Bd3 Qb4 22.Bh6
Qc5 23.Be3 Qb4 24.a3 Qb3 25.Bh6 Bxc4 26.Rxe8 Bxh6 27.Qxh6 Bxd3 28.Qxf8# 1-0

[Event "Bundesliga 1988/89 (2nd)"]
[Site "masterchessopen.com – Germany"]
[Round "0"]
[White "Roemer Ulrich (GER)"]
[Black "Awenius Andreas"]
[Result "0-1"]
[WhiteElo "2292"]
[BlackElo "2180"]

1.d4 Nf6 2.c4 g6 3.Nc3 Bg7 4.e4 d6 5.Be2 O-O 6.Nf3 e5 7.O-O Nbd7 8.Re1 c6
9.Bf1 a5 10.Rb1 Re8 11.d5 Nc5 12.b3 cxd5 13.cxd5 Bd7 14.Nd2 Rf8 15.a3 Ne8
16.b4 axb4 17.axb4 Na4 18.Nxa4 Bxa4 19.Qe2 Bd7 20.Nc4 f5 21.f3 Bb5 22.Qc2 fxe4
23.Rxe4 Nf6 24.Bg5 Qc7 25.Bxf6 Bxf6 26.Qb3 Kg7 27.Na5 Bxf1 28.Kxf1 Bg5 29.Rc4
Qb6 30.Qd3 Rf7 31.Rb3 Bf4 32.g3 Bh6 33.Kg2 Raf8 34.Qe4 {#R} 0-1

[Event "corr."]
[Site "masterchessopen.com – Germany"]
[Round "0"]
[White "Reinke Kurt (GER)"]
[Black "Nadenau Oskar (GER)"]
[Result "1-0"]
[WhiteElo "1940"]
[BlackElo "1970"]

1.d4 Nf6 2.c4 g6 3.Nc3 Bg7 4.e4 d6 5.Nf3 O-O 6.Be2 e5 7.O-O Nbd7 8.Re1 c6
9.Bf1 a5 10.Rb1 Re8 11.d5 Nc5 12.b3 Bd7 13.a3 cxd5 14.cxd5 b5 15.b4 axb4
16.axb4 Na4 17.Nxa4 Rxa4 18.Bd3 Qb6 19.Be3 Qa6 20.h3 Ra8 21.Nd2 Ne8 22.Bc2 Ra3
23.Nb3 Qb7 24.Na5 Qc8 25.Bb3 f5 26.Bc1 R3xa5 27.bxa5 fxe4 28.Ra1 Nf6 29.Bg5
Ra6 30.Qc1 Qb7 31.Qd2 Be8 32.Rac1 Bf7 33.Bxf6 Bxf6 34.Rc6 Bd8 35.Ra1 Be8
36.Qb4 Bc7 37.Rac1 {#r} 1-0

[Event "World Tournament (corr.)"]
[Site "masterchessopen.com – corr."]
[Round "0"]
[White "Nielsen John Bauneborg (DEN)"]
[Black "Papai Janos (HUN)"]
[Result "1-0"]
[WhiteElo "2119"]
[BlackElo "1925"]

1.e4 g6 2.d4 Bg7 3.c4 d6 4.Nc3 Nf6 5.Nf3 O-O 6.Be2 Nbd7 7.O-O e5 8.Re1 c6
9.Bf1 a5 10.dxe5 dxe5 11.Na4 Qe7 12.Qc2 Nc5 13.Nxc5 Qxc5 14.Be3 Qe7 15.c5 Ng4
16.Bg5 f6 17.Bd2 h5 18.h3 Nh6 19.Re3 Be6 20.Bc4 Bxc4 21.Qxc4+ Kh7 22.Ra3 g5
23.Bxa5 f5 24.exf5 Rxf5 25.Qe4 Kh8 26.Bd2 Rd8 27.Nh4 gxh4 28.Bxh6 Qf6 29.Be3
Rf8 30.Rd3 Rxf2 31.Bxf2 Qxf2+ 32.Kh1 Qxb2 33.Rad1 Qxa2 34.Rd7 {#r} 1-0

[Event "It (open)"]
[Site "masterchessopen.com – Katowice (Poland)"]
[Round "4"]
[White "Sygulski Boguslaw (POL)"]
[Black "Mentov Sergey (RUS)"]
[Result "1-0"]
[WhiteElo "2355"]
[BlackElo "2280"]

1.d4 Nf6 2.c4 g6 3.Nc3 Bg7 4.e4 d6 5.Nf3 O-O 6.Be2 e5 7.O-O Nbd7 8.Re1 c6
9.Bf1 a5 10.dxe5 dxe5 11.Qc2 Qc7 12.Na4 b6 13.h3 Nc5 14.Nxc5 bxc5 15.Be3 Nd7
16.Nd2 Re8 17.Nb1 Qd6 18.Rd1 Qe7 19.Qa4 Ra6 20.Qa3 f5 21.f3 fxe4 22.fxe4 Qh4
23.Nd2 Rf8 24.Qd3 Rf6 25.Be2 Nf8 26.Nf3 Qg3 27.Bf2 Qf4 28.g3 Qh6 29.h4 Bg4
30.Nh2 Bxe2 31.Qxe2 Rf7 32.Rd8 g5 33.h5 Rd7 34.Rd1 Rxd8 35.Rxd8 Qf6 36.Qd1 Ra7
37.Bxc5 Rf7 38.Rd6 {#r} 1-0

[Event "Ch Norway"]
[Site "masterchessopen.com – Gjovik (Norway)"]
[Round "0"]
[White "Elsness Frode (NOR)"]
[Black "Djurhuus Rune (NOR)"]
[Result "0-1"]
[WhiteElo "2491"]
[BlackElo "2410"]

1.d4 Nf6 2.c4 d6 3.Nc3 Nbd7 4.e4 e5 5.Nf3 g6 6.Be2 Bg7 7.O-O O-O 8.Re1 c6
9.Bf1 a5 10.Rb1 Re8 11.d5 Qc7 12.a3 a4 13.b4 axb3 14.Rxb3 Nc5 15.Rb4 Rf8
16.Qc2 Ne8 17.Na4 Nxa4 18.Rxa4 Rxa4 19.Qxa4 c5 20.Nd2 f5 21.Bd3 Nf6 22.exf5
gxf5 23.Qc2 Ng4 24.f3 e4 25.fxg4 exd3 26.Qxd3 fxg4 27.Nf1 Bf5 28.Qe2 Bd4+
29.Be3 h5 30.Ng3 Bg6 31.Bxd4 cxd4 32.Qe6+ Kg7 33.Ne4 d3 34.Qxd6 Qxd6 35.Nxd6
d2 36.Rd1 Bd3 37.h3 g3 38.Ne4 Be2 {#R} 0-1

[Event "Bundesliga 1991/92"]
[Site "masterchessopen.com – Germany"]
[Round "0"]
[White "Serrer Christoph (GER)"]
[Black "Rieke Theo (GER)"]
[Result "1-0"]
[WhiteElo "2267"]
[BlackElo "2162"]

1.Nf3 g6 2.d4 Bg7 3.c4 d6 4.Nc3 Nf6 5.e4 O-O 6.Be2 Nbd7 7.O-O e5 8.Re1 c6
9.Bf1 a5 10.dxe5 dxe5 11.Na4 Qe7 12.Qc2 Ne8 13.c5 Nc7 14.Bg5 Qe8 15.Rad1 Ne6
16.Be3 Qe7 17.Bc4 Kh8 18.Bb3 Re8 19.Rd6 b5 20.Bxe6 fxe6 21.Nc3 Bb7 22.Red1 Nf8
23.Qd2 Bf6 24.Bg5 Bxg5 25.Qxg5 Qxg5 26.Nxg5 Re7 27.Nf3 Kg7 28.Nxe5 Rc8 29.Ne2
Kf6 30.Nd7+ Nxd7 31.Rxd7 Rc7 32.Rxe7 Rxe7 33.Rd6 Ke5 34.f3 {#r} 1-0

[Event "Oberliga Northeast 1991/92"]
[Site "masterchessopen.com – Germany"]
[Round "-57"]
[White "Jacobs John N (USA)"]
[Black "Syre Christian (GER)"]
[Result "0-1"]
[WhiteElo "2300"]
[BlackElo "2265"]

1.d4 Nf6 2.Nf3 d6 3.c4 Nbd7 4.Nc3 e5 5.e4 g6 6.Be2 Bg7 7.O-O O-O 8.Re1 c6
9.Bf1 a5 10.Rb1 Re8 11.h3 exd4 12.Nxd4 Nc5 13.Qc2 Bd7 14.Bf4 Nh5 15.Be3 f5
16.exf5 Bxd4 17.Bxd4 Bxf5 18.Qd2 Bxb1 19.Rxb1 Qe7 20.Rd1 Rad8 21.Be2 Ng7
22.Be3 Qf8 23.Bf3 Nf5 24.Bg5 Rd7 25.Bg4 Qf7 26.b3 a4 27.Qc2 axb3 28.axb3 h5
29.Bxf5 Qxf5 30.Qxf5 gxf5 31.b4 Ne4 32.Nxe4 Rxe4 33.Rc1 d5 34.cxd5 Rxd5 35.Rb1
f4 36.Bf6 Rc4 37.Be7 b6 38.Ra1 Kf7 39.Ra7 Ke6 {#R} 0-1

[Event "Simultan"]
[Site "masterchessopen.com – Saint Martin (France & Netherl)"]
[Round "0"]
[White "Karpov Anatoly (RUS)"]
[Black "Porubszki Georg (GER)"]
[Result "1-0"]
[WhiteElo "2715"]
[BlackElo "1947"]

1.e4 g6 2.d4 Bg7 3.Nf3 d6 4.c4 Nf6 5.Nc3 O-O 6.Be2 e5 7.O-O Nbd7 8.Re1 c6
9.Bf1 a5 10.d5 Nc5 11.Rb1 Na6 12.b3 c5 13.g3 Kh8 14.Bg5 h6 15.Bd2 Ng8 16.Nh4
Bf6 17.Ng2 Bg7 18.Bd3 f5 19.Nh4 Qf6 20.exf5 Bxf5 21.Ne4 Bxe4 22.Bxe4 Ne7
23.Rf1 g5 24.Ng2 b6 25.Bc3 Nf5 26.Qg4 Qf7 27.Kh1 Nd4 28.h4 Qe7 29.Rbe1 Bf6
30.hxg5 Bxg5 31.f4 Bf6 32.fxe5 dxe5 33.d6 Qg7 34.Qxg7+ Kxg7 35.Bxa8 Rxa8
36.Ne3 Rd8 37.Kg2 Kg6 38.Ng4 Rxd6 39.Nxf6 Rxf6 40.Rxe5 Nc7 41.Rxf6+ Kxf6
42.Bxd4 cxd4 43.Rh5 Kg6 44.g4 Ne6 45.Re5 Nc5 46.Rd5 d3 47.Kf3 Kf6 48.Ke3 Kg6
{#r} 1-0

[Event "It (open)"]
[Site "masterchessopen.com – Naron (Spain)"]
[Round "0"]
[White "Glavina Pablo (ARG)"]
[Black "Strikovic Aleksa (SRB)"]
[Result "0-1"]
[WhiteElo "2405"]
[BlackElo "2465"]

1.d4 d6 2.Nf3 g6 3.c4 Bg7 4.Nc3 Nf6 5.e4 O-O 6.Be2 e5 7.O-O Nbd7 8.Re1 c6
9.Bf1 a5 10.Rb1 Re8 11.d5 Nc5 12.b3 Qc7 13.a3 cxd5 14.cxd5 Bd7 15.a4 Rec8
16.Bb5 Nxa4 17.bxa4 Qxc3 18.Bxd7 Nxd7 19.Rxb7 Nc5 20.Rb6 Nxe4 21.Rxe4 Qxc1
22.Qxc1 Rxc1+ 23.Re1 Rc4 24.Rxd6 Rxa4 25.Rc6 Rd8 26.Kf1 Rxd5 27.Rc8+ Bf8
28.Nxe5 Kg7 29.Rc7 Bb4 30.Nc4 Bxe1 31.Nb6 Rf5 32.Nxa4 Bxf2 33.Ke2 Bg1 34.h3
Rf2+ 35.Ke1 Rxg2 36.Kf1 Rg3 37.Nb2 Bb6 38.Rb7 Rg1+ {#R} 0-1

[Event "It (open)"]
[Site "masterchessopen.com – Paris (France)"]
[Round "1"]
[White "Mohr Georg (SLO)"]
[Black "Pinard Alain (FRA)"]
[Result "1-0"]
[WhiteElo "2435"]
[BlackElo "2071"]

1.Nf3 Nf6 2.c4 g6 3.Nc3 Bg7 4.e4 d6 5.d4 O-O 6.Be2 Nbd7 7.O-O e5 8.Re1 c6
9.Bf1 a5 10.Rb1 exd4 11.Nxd4 Re8 12.Bf4 Nc5 13.f3 d5 14.cxd5 cxd5 15.Ndb5 d4
16.Qxd4 Ne6 17.Qxd8 Rxd8 18.Be3 Bd7 19.Red1 Bf8 20.e5 Ne8 21.Ne4 Bxb5 22.Bxb5
N6c7 23.Bd7 Be7 24.Rbc1 Ne6 25.Bb6 Rdb8 26.Bxe6 fxe6 27.Rd7 Kf8 28.Bc5 Bxc5+
29.Nxc5 Ng7 30.Nxb7 Ne8 31.b3 Ra7 32.Nc5 {#r} 1-0

[Event "It (open)"]
[Site "masterchessopen.com – Wohlen (Switzerland)"]
[Round "0"]
[White "Skomorokhin Roman (RUS)"]
[Black "Van Der Weide Karel (BEL)"]
[Result "0-1"]
[WhiteElo "2445"]
[BlackElo "2449"]

1.d4 Nf6 2.c4 g6 3.Nf3 Bg7 4.Nc3 O-O 5.e4 d6 6.Be2 e5 7.O-O Nbd7 8.Re1 c6
9.Bf1 a5 10.Rb1 Re8 11.d5 Nc5 12.Nd2 Qb6 13.Be2 Bh6 14.Qc2 Bd7 15.b3 Rec8
16.dxc6 bxc6 17.Nf3 Bxc1 18.Rexc1 Ng4 19.Rf1 f5 20.Nd2 Nf6 21.Rbd1 Rf8 22.Bf3
Rad8 23.Qb1 Kg7 24.a3 fxe4 25.Ncxe4 Bf5 26.Qc2 h5 27.Rfe1 Rf7 28.Qa2 Bxe4
29.Nxe4 Nfxe4 30.Bxe4 Rdf8 31.Bf3 e4 32.Qa1+ Kg8 33.Rxd6 exf3 34.Rxg6+ Kh7
35.Rg5 Nd3 36.Kh1 Qxf2 {#R} 0-1

[Event "Bundesliga (2nd) North 1993/94"]
[Site "masterchessopen.com – Germany"]
[Round "0"]
[White "Schirm Friedmar (GER)"]
[Black "Penzold Andreas (GER)"]
[Result "0-1"]
[WhiteElo "2251"]
[BlackElo "2355"]

1.Nf3 g6 2.d4 Nf6 3.c4 Bg7 4.Nc3 O-O 5.e4 d6 6.Be2 e5 7.O-O Nbd7 8.Re1 c6
9.Bf1 a5 10.dxe5 dxe5 11.Na4 Qe7 12.Qc2 Nc5 13.Nxc5 Qxc5 14.Be3 Qe7 15.c5 Ng4
16.Bg5 f6 17.Bd2 Nh6 18.h3 Nf7 19.Be3 Be6 20.Nd2 f5 21.exf5 gxf5 22.Bc4 e4
23.Rad1 Ne5 24.Bxe6+ Qxe6 25.Bf4 a4 26.Re3 Rfd8 27.Rg3 Ng6 28.Bd6 b5 29.b4 Ra7
30.Nf1 Rad7 31.Re1 Bf6 32.Rge3 Bg5 33.R3e2 Bf4 34.Bxf4 Nxf4 35.Re3 Nd3 36.Rg3+
Kf7 37.Qe2 Nxe1 38.Qh5+ Kf8 39.Ne3 Rf7 40.Qg5 Qf6 41.Qg8+ Ke7 {#R} 0-1

[Event "It \"]
[Site "masterchessopen.com – Varna (Bulgaria)"]
[Round "4"]
[White "Milanovic Danilo (SRB)"]
[Black "Okcular Ayhan (TUR)"]
[Result "1-0"]
[WhiteElo "2325"]
[BlackElo "2145"]

1.d4 Nf6 2.c4 g6 3.Nc3 Bg7 4.e4 d6 5.Be2 O-O 6.Nf3 Nbd7 7.O-O e5 8.Re1 c6
9.Bf1 a5 10.b3 Re8 11.Bb2 exd4 12.Nxd4 Nc5 13.Qc2 Qb6 14.Rad1 Bg4 15.f3 Bd7
16.Kh1 Rad8 17.Qd2 Bc8 18.Nc2 Be6 19.Qc1 Qc7 20.Qa1 Re7 21.Nd5 Bxd5 22.Bxf6
Bxf6 23.Qxf6 Be6 24.Ne3 Ree8 25.Rd2 Rd7 26.Red1 Red8 27.h4 Qb6 28.Rd4 a4
29.bxa4 Na6 30.f4 Nc7 31.Qg5 Ne8 32.f5 f6 33.Qf4 Bf7 34.Ng4 Qc5 35.Be2 h5
36.fxg6 Bxg6 37.Nxf6+ Nxf6 38.Qxf6 Kh7 39.e5 Rf7 {#r} 1-0

[Event "Ch RLP (juniors) (under 17)"]
[Site "masterchessopen.com – Wolfstein (Germany)"]
[Round "0"]
[White "Kipper Jens (GER)"]
[Black "Karst Elmar (GER)"]
[Result "1-0"]
[WhiteElo "2382"]
[BlackElo "2292"]

1.d4 Nf6 2.c4 g6 3.Nc3 Bg7 4.e4 d6 5.Nf3 O-O 6.Be2 e5 7.O-O Nbd7 8.Re1 c6
9.Bf1 a5 10.dxe5 Nxe5 11.Nxe5 dxe5 12.Qxd8 Rxd8 13.Bg5 h6 14.Be3 Be6 15.f3 Rd7
16.Red1 Rxd1 17.Rxd1 Nd7 18.Nd5 cxd5 19.cxd5 Nf8 20.dxe6 Nxe6 21.Rd7 b6 22.Bc4
Rc8 23.Bxe6 fxe6 24.Rb7 Bf8 25.Rxb6 Kf7 26.Rb5 Rc2 27.Rxe5 Rxb2 28.Rxa5 Re2
29.Ra7+ Kf6 30.Bd4+ e5 31.Ra6+ Kf7 32.Bxe5 {#r} 1-0

[Event "It (open)"]
[Site "masterchessopen.com – Recklinghausen (Germany)"]
[Round "1"]
[White "Ritter Uwe (GER)"]
[Black "Hoecker Horst (GER)"]
[Result "1-0"]
[WhiteElo "1998"]
[BlackElo "1710"]

1.d4 Nf6 2.c4 g6 3.Nc3 Bg7 4.e4 d6 5.Nf3 O-O 6.Be2 e5 7.O-O Nbd7 8.Re1 c6
9.Bf1 a5 10.dxe5 Nxe5 11.Nxe5 dxe5 12.Qxd8 Rxd8 13.Be3 Be6 14.Rad1 Nd7 15.Rd2
f5 16.Red1 Bf6 17.f3 Kg7 18.exf5 gxf5 19.f4 exf4 20.Bxf4 Nc5 21.Rxd8 Rxd8
22.Rxd8 Bxd8 23.Be5+ Bf6 24.Bxf6+ Kxf6 25.Kf2 Ne4+ 26.Nxe4+ fxe4 27.Ke3 Ke5
28.Be2 h5 29.h4 Bf7 30.a3 c5 31.Bd1 Bxc4 32.Bxh5 b5 33.Bg6 Bd5 34.h5 b4
35.axb4 cxb4 36.h6 Kf6 37.Be8 Bb7 38.g4 {#r} 1-0

[Event "Oberliga East 1995/96"]
[Site "masterchessopen.com – Germany"]
[Round "0"]
[White "Schmidt Jan Peter (GER)"]
[Black "Komsic Drago (GER)"]
[Result "0-1"]
[WhiteElo "2205"]
[BlackElo "2228"]

1.Nf3 g6 2.c4 Bg7 3.Nc3 Nf6 4.e4 d6 5.d4 O-O 6.Be2 c6 7.O-O Nbd7 8.Re1 e5
9.Bf1 a5 10.Be3 Re8 11.dxe5 dxe5 12.Qc2 Ng4 13.Bg5 f6 14.Bd2 Nc5 15.h3 Nh6
16.Be3 Qe7 17.Na4 Nxa4 18.Qxa4 Be6 19.Rad1 Nf7 20.c5 f5 21.exf5 gxf5 22.Bc4
Bf6 23.Bxe6 Qxe6 24.h4 f4 25.Bd2 e4 26.Ng5 Bxg5 27.hxg5 Qg4 28.Qc4 Re5 29.g3
fxg3 30.f4 e3 31.Qf1 e2 {#R} 0-1

[Event "It (open)"]
[Site "masterchessopen.com – St. Ingbert (Germany)"]
[Round "5"]
[White "Guthmann Andreas Dr (GER)"]
[Black "Mueske Matthias (GER)"]
[Result "0-1"]
[WhiteElo "1957"]
[BlackElo "2163"]

1.d4 Nf6 2.c4 g6 3.Nf3 Bg7 4.Nc3 d6 5.e4 Nbd7 6.Be2 e5 7.O-O O-O 8.Re1 c6
9.Bf1 a5 10.h3 exd4 11.Nxd4 Nc5 12.Nb3 Ne6 13.Be3 a4 14.Nd4 Qa5 15.Qc2 a3
16.b3 Nxe4 17.Nxe6 Qxc3 18.Qxe4 Bxe6 19.Rad1 d5 20.cxd5 cxd5 21.Qf4 Rfc8
22.Qd6 Rc6 23.Qe7 Rc7 24.Qh4 Qb2 25.Ra1 Qxa1 26.Rxa1 Bxa1 27.Bd3 Bg7 28.Qb4
Rc3 29.Qxb7 Rac8 30.Ba6 d4 31.Bf4 Rxb3 32.Qe7 Rb1+ 33.Kh2 Ra8 34.Bb7 Rf8
35.Be4 Rb2 36.Qxa3 Rxf2 37.Bd6 Rxa2 38.Qf3 Rd8 39.Be7 Re8 40.Bg5 Be5+ 41.Bf4
Bg7 42.h4 h5 43.Bc6 Rd8 44.Bg5 Be5+ 45.Bf4 Bxf4+ 46.Qxf4 {#R} 0-1

[Event "Ch Iceland"]
[Site "masterchessopen.com – Akureyri (Iceland)"]
[Round "9"]
[White "Thorsteinsson Thorsteinn (ISL)"]
[Black "Sigurpalsson Runar (ISL)"]
[Result "1-0"]
[WhiteElo "2305"]
[BlackElo "2275"]

1.d4 Nf6 2.c4 d6 3.Nc3 e5 4.Nf3 Nbd7 5.e4 c6 6.Be2 g6 7.O-O Bg7 8.Re1 O-O
9.Bf1 a5 10.Rb1 Re8 11.dxe5 dxe5 12.Na4 Qe7 13.Bd2 b6 14.a3 h6 15.b4 axb4
16.axb4 Bb7 17.Nc3 Nf8 18.b5 c5 19.Nd5 Qd6 20.Qc1 g5 21.Bc3 Ng6 22.Nd2 Nf4
23.Qb2 Nd7 24.Nxf4 gxf4 25.Nf3 Qf6 26.Rbd1 Nf8 27.Rd3 Ng6 28.Qd2 Rad8 29.Rd1
Rd4 30.Bxd4 exd4 31.Re1 Rxe4 32.Ra3 Nh4 33.Rxe4 Bxe4 34.Nxh4 Qxh4 35.Bd3 f3
36.Bxe4 Qxe4 37.gxf3 Qb1+ 38.Kg2 Qg6+ 39.Kh1 Qb1+ 40.Kg2 Qg6+ 41.Kf1 Qb1+
42.Qe1 Qf5 43.Ra8+ Bf8 44.Qe4 Qh3+ 45.Ke2 Qxh2 46.Qg4+ {#r} 1-0

[Event "Ch Argentina (1/2 final)"]
[Site "masterchessopen.com – Argentina"]
[Round "0"]
[White "Salguero Francisco (ARG)"]
[Black "Sorin Ariel (ARG)"]
[Result "0-1"]
[WhiteElo "2275"]
[BlackElo "2460"]

1.Nf3 Nf6 2.d4 g6 3.c4 Bg7 4.Nc3 O-O 5.e4 d6 6.Be2 Nbd7 7.O-O e5 8.Re1 c6
9.Bf1 a5 10.Rb1 exd4 11.Nxd4 Re8 12.Bg5 h6 13.Bf4 Nc5 14.f3 Nh5 15.Be3 f5
16.Nb3 Ne6 17.exf5 gxf5 18.Qd2 a4 19.Nd4 Qf6 20.Nce2 Nxd4 21.Bxd4 Rxe2 22.Qxe2
Qxd4+ 23.Kh1 Be5 24.c5 Qxc5 25.g3 Ng7 26.Rbc1 Qb4 27.Rc4 Qxb2 28.Qe3 Be6
29.Rh4 f4 30.gxf4 Bd4 31.Qe4 Qf2 32.Bd3 Bf5 {#R} 0-1

[Event "Ch Bayern"]
[Site "masterchessopen.com – Bayern (Germany)"]
[Round "6"]
[White "Gazmaga Stefan (GER)"]
[Black "Fischer Hans (GER)"]
[Result "0-1"]
[WhiteElo "2152"]
[BlackElo "2244"]

1.c4 Nf6 2.Nc3 g6 3.e4 d6 4.d4 Bg7 5.Be2 O-O 6.Nf3 e5 7.O-O Nbd7 8.Re1 c6
9.Bf1 a5 10.h3 exd4 11.Nxd4 Qc7 12.Bf4 Re8 13.Nf3 Bf8 14.Qd2 Ne5 15.Nd4 Ned7
16.Rad1 Nc5 17.f3 Nfd7 18.Qf2 Ne5 19.Be3 a4 20.g3 Qa5 21.f4 Ned7 22.Bd2 Qb6
23.Bc1 Bg7 24.Kh2 Qc7 25.Bg2 Qa5 26.g4 a3 27.g5 Qb4 28.Bf1 axb2 29.Bxb2 Nb6
30.Rb1 Nxc4 31.Ba1 Nb2 32.Bxb2 Qxd4 33.Qc2 Be6 34.Nd5 Rxa2 35.Qb3 Rxb2+
36.Rxb2 cxd5 37.f5 Qxb2+ {#R} 0-1

[Event "Oberliga East 1997/98"]
[Site "masterchessopen.com – Germany"]
[Round "1"]
[White "Bewersdorff Oliver (GER)"]
[Black "Komsic Drago (GER)"]
[Result "1-0"]
[WhiteElo "2370"]
[BlackElo "2228"]

1.Nf3 Nf6 2.c4 g6 3.Nc3 Bg7 4.e4 d6 5.d4 O-O 6.Be2 c6 7.O-O Nbd7 8.Re1 e5
9.Bf1 a5 10.Rb1 exd4 11.Nxd4 Nc5 12.Bf4 Ng4 13.Qd2 Be5 14.Nf3 Bxf4 15.Qxf4 Qf6
16.Qg3 Ne5 17.Rbd1 Bg4 18.Be2 Bxf3 19.gxf3 Rad8 20.f4 Ned7 21.f5 Nb6 22.Rd2
Rfe8 23.f3 Kh8 24.Red1 Nc8 25.fxg6 hxg6 26.Bf1 Re5 27.Bh3 Ne6 28.Bxe6 Qxe6
29.Qh4+ {#r} 1-0

[Event "VK2 Ruhrgebiet 1998/99"]
[Site "masterchessopen.com – Germany"]
[Round "0"]
[White "Krings Christoph (GER)"]
[Black "Servaty Rudolf (GER)"]
[Result "1-0"]
[WhiteElo "2192"]
[BlackElo "2141"]

1.d4 Nf6 2.Nf3 g6 3.c4 Bg7 4.Nc3 d6 5.e4 O-O 6.Be2 e5 7.O-O Nbd7 8.Re1 c6
9.Bf1 a5 10.Be3 Ng4 11.Bg5 f6 12.Bc1 exd4 13.Nxd4 Nc5 14.f3 Ne5 15.Be3 Ne6
16.Qd2 Nxd4 17.Bxd4 Be6 18.b3 Qc7 19.Rad1 Rad8 20.Qf2 c5 21.Be3 b6 22.Qd2 Rf7
23.Kh1 Qb8 24.Bf4 Rfd7 25.Bg3 Nf7 26.Be2 Qb7 27.f4 f5 28.Bf3 Qb8 29.exf5 Bxf5
30.Nd5 Qa7 31.Bh4 g5 32.Bxg5 Nxg5 33.fxg5 Rf7 34.Bh5 Bg6 35.Bxg6 hxg6 36.Qd3
Qd7 37.Qxg6 Qg4 38.h3 Qg3 39.Re7 {#r} 1-0

[Event "It (open)"]
[Site "masterchessopen.com – Hlohovec (Slovakia)"]
[Round "4"]
[White "Krak Tomas (SVK)"]
[Black "Hanko Pavol (SVK)"]
[Result "0-1"]
[WhiteElo "2282"]
[BlackElo "2245"]

1.d4 Nf6 2.c4 g6 3.Nc3 Bg7 4.e4 d6 5.Nf3 O-O 6.Be2 e5 7.O-O Nbd7 8.Re1 c6
9.Bf1 a5 10.dxe5 dxe5 11.Rb1 Qe7 12.a3 Rd8 13.b4 axb4 14.axb4 Nc5 15.Qc2 Ne6
16.Na4 Nd7 17.Be3 Nd4 18.Bxd4 exd4 19.c5 Ra7 20.h3 Ne5 21.Nxe5 Bxe5 22.Nb2 Ra2
23.Bd3 Be6 24.Ra1 Rda8 25.Rxa2 Rxa2 26.Qb1 Qg5 27.g3 Bxg3 28.Kf1 Bxh3+ 29.Ke2
Bxf2 {#R} 0-1

[Event "Oberliga North 1999/00"]
[Site "masterchessopen.com – Germany"]
[Round "0"]
[White "Schuett Wilhelm (GER)"]
[Black "Lampe Dirk (GER)"]
[Result "0-1"]
[WhiteElo "2138"]
[BlackElo "2254"]

1.d4 Nf6 2.c4 g6 3.Nc3 Bg7 4.e4 d6 5.Nf3 O-O 6.Be2 e5 7.O-O Nbd7 8.Re1 c6
9.Bf1 a5 10.Rb1 Re8 11.d5 Nc5 12.b3 Bd7 13.dxc6 Bxc6 14.Bd3 Nfd7 15.Bc2 Nb6
16.Ba3 Qc7 17.Qd2 a4 18.Bxc5 dxc5 19.Qe3 Bf8 20.Nd2 h5 21.Nd5 Bxd5 22.cxd5
axb3 23.Qxb3 Reb8 24.Qxb6 Qxb6 25.Rxb6 Rxa2 26.Nf3 Rxc2 27.Kf1 c4 28.d6 f6
29.Rd1 Kf7 30.d7 Be7 31.Rd5 Bd8 32.Rb4 b6 33.Ke1 Ra8 34.Nd2 Ra1+ 35.Nb1 c3
36.Rd1 Raa2 {#R} 0-1

[Event "Ch Russia (juniors) (under 16)"]
[Site "masterchessopen.com – Serpukhov (Russia)"]
[Round "4"]
[White "Sultangareev Marat (RUS)"]
[Black "Fatkhutdinov Gafiyat (RUS)"]
[Result "1-0"]
[WhiteElo "2339"]
[BlackElo "2174"]

1.d4 g6 2.c4 Bg7 3.Nc3 d6 4.Nf3 Nd7 5.e4 e5 6.Be2 Ngf6 7.O-O O-O 8.Re1 c6
9.Bf1 a5 10.Rb1 Re8 11.d5 Nc5 12.b3 Bd7 13.dxc6 Bxc6 14.Qc2 Rc8 15.Ba3 Qb6
16.Rbd1 Bf8 17.Nd2 Ne6 18.Nf3 Nc5 19.Bc1 Nh5 20.Be3 Ne6 {#r} 1-0

[Event "Cup Russia (open)"]
[Site "masterchessopen.com – Tula (Russia)"]
[Round "1"]
[White "Driamin Dmitry (RUS)"]
[Black "Kovalevskaya Ekaterina (RUS)"]
[Result "0-1"]
[WhiteElo "2237"]
[BlackElo "2497"]

1.d4 Nf6 2.c4 d6 3.Nf3 g6 4.Nc3 Bg7 5.e4 O-O 6.Be2 Nbd7 7.O-O e5 8.Re1 c6
9.Bf1 a5 10.Bg5 h6 11.Be3 Ng4 12.Bc1 exd4 13.Nxd4 Qh4 14.Nf3 Qxf2+ 15.Kh1 Qa7
16.Qe2 Nf2+ 17.Kg1 Nd1+ 18.Kh1 Nxc3 19.bxc3 Nc5 20.Bf4 Bxc3 21.Bxd6 Re8 22.e5
Bf5 23.g4 Bxg4 24.Qe3 Bxa1 25.Rxa1 b6 26.Nd4 Qd7 27.Qf4 Rad8 28.Bg2 Nd3 29.Qg3
Nxe5 30.Bxe5 Rxe5 31.Nxc6 Ree8 32.Nxd8 Rxd8 33.Rb1 Be6 34.h4 Qd6 35.Qe3 Qd2
36.Qxb6 Rd4 37.Qb8+ Kh7 38.Qg3 Qxa2 39.Re1 Qxc4 40.h5 Rh4+ 41.Kg1 Qd4+ {#R}
0-1

[Event "It (open)"]
[Site "masterchessopen.com – St. Ingbert (Germany)"]
[Date "1999.08.02"]
[Round "4"]
[White "Hammes Michael (GER)"]
[Black "Groeppel Peter (GER)"]
[Result "1-0"]
[WhiteElo "2360"]
[BlackElo "2157"]

1.d4 Nf6 2.c4 g6 3.Nc3 Bg7 4.e4 d6 5.Nf3 O-O 6.Be2 e5 7.O-O Nbd7 8.Re1 a5
9.Bf1 c6 10.b3 exd4 11.Nxd4 Ng4 12.Qxg4 Bxd4 13.Qg3 Qf6 14.Bd2 Ne5 15.Rac1 Ng4
16.Nd1 h5 17.Bc3 h4 18.Bxd4 hxg3 19.Bxf6 gxf2+ 20.Nxf2 Nxf6 21.Rcd1 Ne8 22.e5
dxe5 23.Rxe5 Nf6 24.Re7 Rb8 25.Rd6 Be6 26.Nd3 Rfe8 27.Rxe8+ Nxe8 28.Rd4 Kf8
29.Nc5 Nc7 30.Rd7 Na6 31.Rxb7 Rxb7 32.Nxb7 a4 33.bxa4 c5 34.Kf2 Ke7 35.Ke3 Bd7
36.Be2 Bxa4 37.Bf3 Kd7 38.h4 Kc7 39.g4 Kb6 40.h5 gxh5 41.gxh5 {#r} 1-0

[Event "It (open)"]
[Site "masterchessopen.com – Baden (Switzerland)"]
[Round "6"]
[White "Nemet Ivan (SUI)"]
[Black "Mueske Matthias (GER)"]
[Result "1-0"]
[WhiteElo "2412"]
[BlackElo "2182"]

1.d4 Nf6 2.Nf3 g6 3.c4 Bg7 4.Nc3 d6 5.e4 O-O 6.Be2 Nbd7 7.O-O e5 8.Re1 c6
9.Bf1 a5 10.dxe5 dxe5 11.Na4 Re8 12.Qc2 b6 13.Be3 Ng4 14.Bg5 Qc7 15.h3 Ngf6
16.Be3 Bb7 17.c5 b5 18.Nb6 Rad8 19.a4 b4 20.Bc4 Nf8 21.Rad1 Bc8 22.Rxd8 Qxd8
23.Rd1 Qc7 24.Nxc8 Qxc8 25.Ng5 Re7 26.Qb3 Qc7 27.Rd6 Ne8 28.Nxf7 Rxf7 29.Bxf7+
Qxf7 30.Qxf7+ Kxf7 31.Rxc6 Ne6 32.Ra6 N8c7 33.Rxa5 Ke7 34.Ra7 Kd7 35.Rb7 Bf8
36.Rxb4 Bxc5 37.Bxc5 Nxc5 38.f3 Kc6 39.a5 {#r} 1-0

[Event "It (open)"]
[Site "masterchessopen.com – Bad Breisig (Germany)"]
[Round "1"]
[White "Woeltge Carsten (GER)"]
[Black "Meyer Marco (GER)"]
[Result "1-0"]
[WhiteElo "1866"]
[BlackElo "1986"]

1.d4 Nf6 2.Nf3 g6 3.c4 Bg7 4.Nc3 O-O 5.e4 d6 6.Be2 Nbd7 7.O-O e5 8.Re1 a5
9.Bf1 c6 10.d5 Nc5 11.Qc2 Nh5 12.Be3 Na6 13.Na4 Bg4 14.Nd2 c5 15.Qb3 Bd7
16.Nc3 f5 17.exf5 gxf5 18.f3 f4 19.Bf2 Rb8 20.Nde4 Bf5 21.a3 Bf6 22.Bd3 Kh8
23.Nxf6 Rxf6 24.Bxf5 Rxf5 25.Ne4 Nf6 26.Bh4 b5 27.Qc2 b4 28.Nxf6 Rxf6 29.Bxf6+
Qxf6 30.Rab1 b3 31.Qd2 Qd8 32.Rbc1 Rb7 33.Rc3 a4 34.Qd3 Qf6 35.Qe2 Qg6 36.Kh1
Nb8 37.Rg1 Nd7 38.g3 fxg3 39.Rxg3 Qf5 40.Rc1 Nf6 41.Rcg1 h6 42.Qg2 Nh5 43.Rg6
Qf4 {#r} 1-0